000 00656nam a2200181Ia 4500
008 151018s9999 xx 000 0 und d
082 _bRBASDV39044
_a891.464
100 _aसुरेश मथुरे
245 _aशोध आणि त्यांच्या जन्मकथा
250 _b1
260 _bफुलराणी
_c2004
300 _a96
600 _aसुरेश मथुरे
630 _aशोध आणि त्यांच्या जन्मकथा
700 _aसुरेश मथुरे
730 _aशोध आणि त्यांच्या जन्मकथा
942 _cBOOK
999 _c1038377
_d1038374